Представление документа в формате MARC21

Поле Инд. ПП Название Значение
Тип записи a
Библиографический уровень b
001 Контрольный номер RU/IS/BASE/483544320
005 Дата корректировки 20200522191728.7
008 Кодируемые данные 20150428
040 b Код языка каталог. rus
e Правила каталог. PSBO
041 0_ a Код языка текста rus
084 a Индекс другой классификации/Индекс ББК 65.305.423
100 1_ a Автор Аюбова Э.
245 10 a Заглавие Энергетическая безопасность и интересы машиностроителей
504 a Библиография Библиогр.
520 a Аннотация Рассматриваются вопросы развития отечественного топливно-энергетического комплекса и роль энергетического машиностроения в обеспечении энергетической безопасности страны, критически оцениваются меры, которые предполагается реализовать для защиты отечественного рынка и развития конкуренции в области обеспечения технологической базы отраслей, обеспечивающих народное хозяйство энергоресурсами.
650 14 a Основная рубрика экономика
a Основная рубрика экономика промышленности
653 1_ a Ключевые слова альтернативные источники энергии
a Ключевые слова инновации
a Ключевые слова макроэкономика
a Ключевые слова основные фонды
a Ключевые слова Россия
a Ключевые слова технологии
a Ключевые слова топливно-энергетический комплекс (ТЭК)
a Ключевые слова человеческий капитал
a Ключевые слова экономическая политика
a Ключевые слова электроснабжение
a Ключевые слова энергетика
a Ключевые слова энергетическая безопасность
a Ключевые слова энергетические ресурсы
a Ключевые слова энергетическое машиностроение
773 08 t Заглавие источника РИСК: ресурсы, информация, снабжение, конкуренция
d Дата издания источника 2013
g Прочая информация № 3. - С. 157 - 161 : табл.
w Контрольный № источника RU/IS/BASE/439917319
901 t Тип документа b